书目信息 |
| 题名: |
苏联劳动与工资
|
|
| 作者: | ;洛东渠 译 ;苏联部长会议国家劳动工资委员会 编 | |
| 分册: | ||
| 出版信息: | 北京 商务印书馆 1977 |
|
| 页数: | 635页 | |
| 开本: | 20cm | |
| 丛书名: | ||
| 单 册: | ||
| 中图分类: | F244 | |
| 科图分类: | ||
| 主题词: | 工资制度--苏联 , 劳资经济--苏联 | |
| 电子资源: | ||
| ISBN: | ||
| 000 | 00740nam0 2200241 45 | |
| 001 | 0177001923 | |
| 005 | 20060731163943.03 | |
| 010 | @dCNY1.85 | |
| 100 | @a19950926d1977 em y0chiy0121 ea | |
| 101 | 1 | @achi@crus |
| 102 | @aCN@b110000 | |
| 105 | @ay z 000yy | |
| 200 | 10 | @a苏联劳动与工资@Asu lian lao dong yu gong zi@f苏联部长会议国家劳动工资委员会编@g洛东渠译 |
| 210 | @a北京@c商务印书馆@d1977 | |
| 215 | @a635页@d20cm | |
| 606 | @a工资制度@y苏联 | |
| 606 | @a劳资经济@y苏联 | |
| 690 | @aF244@v3 | |
| 702 | 0 | @a洛东渠@Aluo dong qu@4译 |
| 711 | 02 | @a苏联部长会议国家劳动工资委员会@Asu lian bu zhang hui yi guo jia lao dong gong zi wei yuan hui@4编 |
| 801 | 2 | @aCN@bNLC@c20060731 |
| 801 | 0 | @aCN@bTSSF |
| 905 | @a10447@dF244@e33 | |
| 苏联劳动与工资/苏联部长会议国家劳动工资委员会编/洛东渠译.-北京:商务印书馆,1977 |
| 635页;20cm |
| ISBN :CNY1.85 |
| ● |
| 相关链接 |
|
|
|
|
正题名:苏联劳动与工资
索取号:F244/33
 
预约/预借
| 序号 | 登录号 | 条形码 | 馆藏地/架位号 | 状态 | 备注 |
| 1 | 0440993 | 204409933 | 密集书库/ [索取号:F244/33] | 在馆 | |
| 2 | 0440994 | 204409942 | 密集书库/ [索取号:F244/33] | 在馆 |